| 000 | 00400nam a22001457a 4500 | ||
|---|---|---|---|
| 003 | OSt | ||
| 005 | 20251021110031.0 | ||
| 008 | 251021b |||||||| |||| 00| 0 eng d | ||
| 020 | _a9966951334 | ||
| 040 | _cSASA SEMA PUBLICATIONS LTD | ||
| 050 | _aPR 9408.9 .W35 2005 | ||
| 245 |
_aINNOCENCE LONG LOST _cWALIBORA, KEN |
||
| 260 |
_aNAIROBI, KENYA _bSASA SEMA PUBLICATIONS LTD _c2005 |
||
| 942 |
_2lcc _cBK _n0 |
||
| 999 |
_c9683 _d9683 |
||